TEXTBOOK ON THE BHARATIYA NYAYA SANHITA, 2023 (Record no. 9073)

MARC details
000 -LEADER
fixed length control field 00445nam a22001817a 4500
005 - DATE AND TIME OF LATEST TRANSACTION
control field 20260310164641.0
008 - FIXED-LENGTH DATA ELEMENTS--GENERAL INFORMATION
fixed length control field 260310b |||||||| |||| 00| 0 eng d
020 ## - INTERNATIONAL STANDARD BOOK NUMBER
ISBN 978-93-95116-93-0
041 ## - LANGUAGE CODE
Language code of text/sound track or separate title eng
082 ## - DEWEY DECIMAL CLASSIFICATION NUMBER
Classification number 345.0954 GAU-T
100 ## - MAIN ENTRY--AUTHOR NAME
Personal name GAUR, MADHU
245 ## - TITLE STATEMENT
Title TEXTBOOK ON THE BHARATIYA NYAYA SANHITA, 2023
250 ## - EDITION STATEMENT
Edition statement 9TH ED. 2024
260 ## - PUBLICATION, DISTRIBUTION, ETC. (IMPRINT)
Place of publication HARYANA
Name of publisher LEXIS NEXIS
300 ## - PHYSICAL DESCRIPTION
Number of Pages 1542,P
650 ## - SUBJECT ADDED ENTRY--TOPICAL TERM
Topical Term LAW
942 ## - ADDED ENTRY ELEMENTS (KOHA)
Koha item type Books
Holdings
Lost status Damaged status Collection code Home library Current library Shelving location Date acquired Source of acquisition Cost, normal purchase price Serial Enumeration / chronology Full call number Accession Number Koha item type
    LAW JRU Library JRU Library SHELF-29-B 09/03/2026 PURCHASE 1495.00 LBI/000882 DATE-06/03/2026 345.0954 GAU 29340 Books
    LAW JRU Library JRU Library SHELF-29-B 09/03/2026 PURCHASE 1495.00 LBI/000882 DATE-06/03/2026 345.0954 GAU 29341 Books
    LAW JRU Library JRU Library SHELF-29-B 09/03/2026 PURCHASE 1495.00 LBI/000882 DATE-06/03/2026 345.0954 GAU 29342 Books
    LAW JRU Library JRU Library SHELF-29-B 09/03/2026 PURCHASE 1495.00 LBI/000882 DATE-06/03/2026 345.0954 GAU 29343 Books
    LAW JRU Library JRU Library SHELF-29-B 09/03/2026 PURCHASE 1495.00 LBI/000882 DATE-06/03/2026 345.0954 GAU 29344 Books